Countries that Bordered the Ottoman Empire - Statistics

General Stats
  • This quiz has been taken 55 times
  • The average score is 7 of 10
Answer Stats
Country % Correct
Russia
98%
United Kingdom
98%
Persia
95%
Bulgaria
93%
Greece
93%
Austria-Hungary
75%
Serbia
66%
Montenegro
55%
Saudi
52%
Hail
7%
No matching quizzes found
Score Distribution
Percent of People with Each Score
Percentile by Number Answered
Your Score History
You have not taken this quiz